书目信息 |
| 题名: |
卫星电视接收技术
|
|
| 作者: | 刘进军 编著 | |
| 分册: | ||
| 出版信息: | 北京 国防工业出版社 2005.03 |
|
| 页数: | 252页 | |
| 开本: | 26cm | |
| 丛书名: | ||
| 单 册: | ||
| 中图分类: | TN948.55 | |
| 科图分类: | ||
| 主题词: | 卫星广播电视--接收技术 | |
| 电子资源: | ||
| ISBN: | 7-118-03744-3 | |
| 000 | 00677nam0 2200217 450 | |
| 001 | 0162721491 | |
| 005 | 20050821172555.06 | |
| 010 | @a7-118-03744-3@dCNY26.00 | |
| 100 | @a20050411d2005 km y0chiy0120 ea | |
| 101 | 0 | @achi |
| 102 | @aCN@b110000 | |
| 105 | @aa z 000yy | |
| 200 | 1 | @a卫星电视接收技术@Awei xing dian shi jie shou ji shu@f刘进军编著@Fliu jin jun bian zhu |
| 210 | @a北京@c国防工业出版社@d2005.03 | |
| 215 | @a252页@c图@d26cm | |
| 330 | @a本书共12章,详细介绍了卫星电视接收技术的有关知识。 | |
| 606 | 0 | @a卫星广播电视@x接收技术 |
| 690 | @aTN948.55@v4 | |
| 701 | 0 | @a刘进军@Aliu jin jun@4编著 |
| 801 | 0 | @aCN@bQSSK@c20050821 |
| 905 | @a10447@dTN948.55@eL632 | |
| 卫星电视接收技术/刘进军编著.-北京:国防工业出版社,2005.03 |
| 252页:图;26cm |
| ISBN 7-118-03744-3:CNY26.00 |
| 本书共12章,详细介绍了卫星电视接收技术的有关知识。 |
| ● |
| 相关链接 |
|
|
|
正题名:卫星电视接收技术
索取号:TN948.55/L632
 
预约/预借
| 序号 | 登录号 | 条形码 | 馆藏地/架位号 | 状态 | 备注 |
| 1 | 561832 | 205618321 | 自科库301/301自科库 100排6列2层/ [索取号:TN948.55/L632] | 在馆 | |
| 2 | 561833 | 205618330 | 自科库301/301自科库 100排6列2层/ [索取号:TN948.55/L632] | 在馆 | |
| 3 | 561834 | 205618349 | 自科库301/301自科库 32排4列2层/ [索取号:TN948.55/L632] | 在馆 |